000 00326nam a22001457a 4500
008 230317b ||||| |||| 00| 0 eng d
020 _a9780393934236
041 _aeng
080 _22EDITION
_a330.10
082 _a330.10JON
100 _a23
101 _aMACRO
245 _aMACRO ECONOMICS
_cJONES.I.CH
942 _2udc
_cBK
999 _c59376
_d59376